University Home | Library Home | Institutional Repository

The way of the teacher/ (Record no. 127398)

MARC details
000 -LEADER
fixed length control field 00488cam a2200169 4500
008 - FIXED-LENGTH DATA ELEMENTS--GENERAL INFORMATION
fixed length control field 170504n 000 0 eng u
020 ## - INTERNATIONAL STANDARD BOOK NUMBER
International Standard Book Number 0972860215
035 ## - SYSTEM CONTROL NUMBER
System control number (Sirsi) a202740
040 ## - CATALOGING SOURCE
Original cataloging agency CIP
050 ## - LIBRARY OF CONGRESS CALL NUMBER
Classification number LB 1025.3 HAI 2005
100 ## - MAIN ENTRY--PERSONAL NAME
Personal name Haile, J. M.
245 ## - TITLE STATEMENT
Title The way of the teacher/
Statement of responsibility, etc. J. M. Haile
260 ## - PUBLICATION, DISTRIBUTION, ETC.
Place of publication, distribution, etc. South Carolina :
Name of publisher, distributor, etc. Macatea Productions,
Date of publication, distribution, etc. 2005.
300 ## - PHYSICAL DESCRIPTION
Extent xii, 116 p.
504 ## - BIBLIOGRAPHY, ETC. NOTE
Bibliography, etc. note Includes bilbiographical references and index
650 ## - SUBJECT ADDED ENTRY--TOPICAL TERM
Topical term or geographic name entry element Teaching
Holdings
Withdrawn status Lost status Source of classification or shelving scheme Damaged status Not for loan Home library Current library Shelving location Total Checkouts Full call number Barcode Date last seen Copy number Price effective from Koha item type
    Library of Congress Classification     Main Library Main Library On Shelf   LB 1025.3 HAI 2005 33729005295691 08/22/2019 1 08/22/2019 Book
© 2026 - The University of Zambia Library - Koha v25.11